Daňové exekučné konanie alias vymáhanie daňových nedoplatkov

Exekučný titul a daňová exekučná výzva. Spôsoby výkonu daňovej exekúcie. Veci vylúčené z daňovej exekúcie. Oprávnenia a povinnosti daňového dlžníka.

Salvato in:
Dettagli Bibliografici
Autore principale: Chorvátová, Janka
Natura: Capitolo di libro
Lingua:slovacco
Soggetti:
Tags: Aggiungi Tag
Nessun Tag, puoi essere il primo ad aggiungerne!!

MARC

LEADER 00000naa$a2200000$$$4500
001 0115165
005 20231114101115.8
041 0 |a slo 
044 |a SK 
245 1 0 |a Daňové exekučné konanie alias vymáhanie daňových nedoplatkov  |c Janka Chorvátová 
520 |a Exekučný titul a daňová exekučná výzva. Spôsoby výkonu daňovej exekúcie. Veci vylúčené z daňovej exekúcie. Oprávnenia a povinnosti daňového dlžníka. 
610 2 0 |a konanie exekučné daňové 
610 2 0 |a nedoplatky 
610 2 0 |a exekúcia daňová 
100 1 |a Chorvátová, Janka